[Event "German Masters Frauen 2019"]
[Site "Magdeburg"]
[Date "2019.05.29"]
[Round "4.3"]
[White "Hoolt, Sarah"]
[Black "Heinemann, Josefine"]
[Result "1/2-1/2"]
[WhiteElo "2321"]
[BlackElo "2227"]
[Annotator "TA"]
[PlyCount "82"]
[EventDate "2019.05.26"]
[EventType "tourn"]
[EventCountry "GER"]
[SourceTitle "playchess.com"]
[Source "ChessBase"]
[SourceQuality "1"]

{[%evp 9,82,-6,-20,-14,17,0,2,0,28,26,29,24,31,15,28,24,33,21,46,39,23,21,25,30,73,64,65,36,89,12,4,0,0,0,0,0,0,0,0,0,0,0,0,0,0,0,0,0,0,0,0,0,0,0,0,0,0,-8,0,0,0,0,0,0,0,0,0,0,0,0,0,0,0,0,0]} 1. Nf3 d5 2. c4 d4 3. g3 Nf6 4. Bg2 c5 5. b4 cxb4 6. a3 {A09: Réti Opening: 1 Nf3 d5 2 c4} bxa3 (6... b3 $5) 7. O-O Nc6 8. Qa4 Nd7 $146 ({Predecessor:} 8... a2 9. Rxa2 Bd7 10. Ba3 a5 11. Rb2 Rb8 12. d3 e5 13. Bxf8 Kxf8 {1-0 (59) Bauer,C (2623)-Lampert,J (2461) Skopje 2015}) 9. e3 e5 10. Bxa3 Bxa3 11. Qxa3 {And now exd4 would win.} dxe3 12. fxe3 Qe7 13. Qxe7+ Nxe7 14. d4 O-O 15. Nc3 {[%cal Bb1c3,Bc3b5,Bb5d6][%mdl 32]} a6 16. Nb5 Rb8 17. Nd6 h6 18. Nd2 (18. c5 {feels hotter.} exd4 19. exd4 Nc6 20. Bh3 Nb6 21. Nxc8 Nxc8 22. d5) 18... Nc6 (18... exd4 $14 19. exd4 Nf6) 19. Bxc6 (19. Bh3 $16 Nb6 20. Nxc8 Nxc8 21. d5) 19... bxc6 $11 {The position is equal.} 20. Nxc8 (20. c5 {looks sharper.} exd4 21. exd4 Nf6 22. N2c4 Be6 23. Rxa6 Rb4 24. Rc1) 20... Rfxc8 21. Rxa6 exd4 22. exd4 Nf6 23. Nf3 Ng4 24. Rfa1 Rb3 25. R6a3 Rcb8 26. Nd2 Rb2 27. R1a2 g5 28. Rxb2 (28. c5 {seems wilder.} Kg7 29. Rxb2 Rxb2 30. Nc4 Rc2 31. Na5) 28... Rxb2 {[%mdl 4096] Endgame KRN-KRN} 29. Rd3 Kf8 30. h3 Nf6 31. d5 cxd5 32. cxd5 Rb5 33. d6 {[#] aiming for d7.} Rd5 34. Rxd5 Nxd5 {KN-KN} 35. g4 Ke8 36. Ne4 Kd7 37. Kf2 Nb6 38. Ng3 Kxd6 39. Nf5+ Ke6 40. Nxh6 Nd5 41. Nf5 Ke5 {Accuracy: White = 83%, Black = 63%.} 1/2-1/2

[Event "German Masters Frauen 2019"]
[Site "Magdeburg"]
[Date "2019.05.29"]
[Round "4.4"]
[White "Muetsch, Annmarie"]
[Black "Kachiani-Gersinska, Ketino"]
[Result "0-1"]
[WhiteElo "2266"]
[BlackElo "2305"]
[Annotator "ChessBase"]
[PlyCount "120"]
[EventDate "2019.05.26"]
[EventType "tourn"]
[EventCountry "GER"]
[SourceTitle "playchess.com"]
[Source "ChessBase"]
[SourceQuality "1"]
[TimeControl "40/5400+30:1800+30"]

1. e4 c6 2. Nc3 d5 3. Nf3 Bg4 4. h3 Bxf3 5. Qxf3 e6 {[%emt 0:22:24]} 6. d3 {[%emt 0:01:08]} Nd7 {[%emt 0:00:30]} 7. Bd2 {[%emt 0:00:30]} Qb6 {[%emt 0:00:30]} 8. O-O-O {[%emt 0:06:58]} Ngf6 {[%emt 0:08:31]} 9. g4 {[%emt 0:00:30]} h6 {[%emt 0:00:30]} 10. Qe2 {[%emt 0:00:30]} d4 11. Nb1 {[%emt 0:02:49]} Qa6 {[%emt 0:05:42]} 12. a3 {[%emt 0:04:46]} Nb6 {[%emt 0:07:18]} 13. h4 {[%emt 0:05:02]} Na4 {[%emt 0:00:55]} 14. Bh3 {[%emt 0:00:35]} Qb5 {[%emt 0:00:17]} 15. b3 {[%emt 0:05:57]} Nc5 {[%emt 0:12:35]} 16. g5 {[%emt 0:00:30]} Nfxe4 {[%emt 0:01:00]} 17. b4 {[%emt 0:11:52]} Nxd2 {[%emt 0:05:35]} 18. Rxd2 {[%emt 0:06:15]} hxg5 {[%emt 0:08:34]} 19. hxg5 {[%emt 0:00:15]} Na4 {[%emt 0:01:51]} 20. g6 {[%emt 0:02:33]} Qd5 {[%emt 0:04:42]} 21. gxf7+ {[%emt 0:03:32]} Kd8 22. Qe4 Qxe4 {[%emt 0:04:19]} 23. dxe4 {[%emt 0:00:36]} Bd6 {[%emt 0:00:00]} 24. Rxd4 {[%emt 0:04:51]} Ke7 {[%emt 0:00:25]} 25. e5 {[%emt 0:12:23]} Bxe5 {[%emt 0:04:21]} 26. Re4 {[%emt 0:00:00]} Bb2+ 27. Kd2 Rad8+ {[%emt 0:03:36]} 28. Ke2 {[%emt 0:02:39]} Rh6 29. c4 Kxf7 {[%emt 0:01:49]} 30. Bg2 {[%emt 0:12:23]} Rxh1 {[%emt 0:01:40]} 31. Bxh1 {[%emt 0:00:05]} Bf6 {[%emt 0:02:14]} 32. c5 Nb2 {[%emt 0:00:08]} 33. Nd2 {[%emt 0:05:44]} Na4 {[%emt 0:02:06]} 34. Nb1 Rh8 35. Bf3 {[%emt 0:02:53]} Rd8 {[%emt 0:01:46]} 36. Bg4 {[%emt 0:01:31]} e5 {[%emt 0:02:18]} 37. Re3 a5 {[%emt 0:00:49]} 38. Nd2 {[%emt 0:05:15]} axb4 {[%emt 0:00:30]} 39. axb4 {[%emt 0:00:13]} Rd4 {[%emt 0:00:37]} 40. Bc8 {[%emt 0:02:17]} Rxb4 {[%emt 0:00:00]} 41. Rb3 Rb5 42. Rxb5 {[%emt 0:11:22]} cxb5 {[%emt 0:09:13]} 43. Nb3 {[%emt 0:01:22]} Be7 {[%emt 0:00:08]} 44. Bxb7 {[%emt 0:01:12]} Nxc5 {[%emt 0:00:05]} 45. Nxc5 {[%emt 0:00:06]} Bxc5 {[%emt 0:00:03]} 46. f3 {[%emt 0:00:16]} Ke6 {[%emt 0:00:18]} 47. Kd3 {[%emt 0:01:59]} Kf5 {[%emt 0:00:26]} 48. Bc6 {[%emt 0:03:58]} b4 {[%emt 0:00:04]} 49. Bd5 {[%emt 0:00:04]} Kf4 {[%emt 0:00:07]} 50. Ke2 {[%emt 0:00:16]} g5 {[%emt 0:00:13]} 51. Kd3 {[%emt 0:00:50]} Bf8 {[%emt 0:00:46]} 52. Ke2 {[%emt 0:01:46]} Bd6 {[%emt 0:05:24]} 53. Kf2 {[%emt 0:02:56]} e4 {[%emt 0:00:50]} 54. Bxe4 {[%emt 0:07:40]} g4 {[%emt 0:00:12]} 55. Ke2 {[%emt 0:02:09]} g3 {[%emt 0:00:39]} 56. Bd5 {[%emt 0:01:02]} Bc5 {[%emt 0:00:23]} 57. Kf1 {[%emt 0:00:11]} Bd6 {[%emt 0:02:27]} 58. Ke2 {[%emt 0:00:38]} Ke5 {[%emt 0:00:23]} 59. Bf7 {[%emt 0:00:47]} Kd4 {[%emt 0:00:08]} 60. Be6 {[%emt 0:00:24]} Bf4 {[%emt 0:00:16]} 0-1

[Event "German Masters Frauen 2019"]
[Site "Magdeburg"]
[Date "2019.05.30"]
[Round "5.1"]
[White "Kachiani-Gersinska, Ketino"]
[Black "Osmanodja, Filiz"]
[Result "1/2-1/2"]
[WhiteElo "2305"]
[BlackElo "2260"]
[Annotator "ChessBase"]
[PlyCount "103"]
[EventDate "2019.05.26"]
[EventType "tourn"]
[EventCountry "GER"]
[SourceTitle "playchess.com"]
[Source "ChessBase"]
[SourceQuality "1"]
[TimeControl "40/5400+30:1800+30"]

1. Nf3 {[%emt 0:00:37]} d5 {[%emt 0:00:00]} 2. g3 {[%emt 0:00:11]} g6 {[%emt 0:00:00]} 3. Bg2 {[%emt 0:00:39]} Bg7 {[%emt 0:00:00]} 4. d4 {[%emt 0:07:18]} c5 {[%emt 0:01:52]} 5. c3 {[%emt 0:02:01]} Nf6 {[%emt 0:17:03]} 6. O-O {[%emt 0:00:55]} Ne4 {[%emt 0:04:04]} 7. dxc5 {[%emt 0:21:03]} Nxc5 {[%emt 0:07:47]} 8. Be3 {[%emt 0:01:42]} Ne4 {[%emt 0:07:13]} 9. Nbd2 {[%emt 0:03:24]} Nf6 {[%emt 0:02:54]} 10. Nb3 {[%emt 0:16:22]} O-O {[%emt 0:00:26]} 11. Qc1 {[%emt 0:02:29]} Ng4 {[%emt 0:06:04]} 12. Bg5 {[%emt 0:03:16]} Nc6 {[%emt 0:04:40]} 13. h3 {[%emt 0:02:54]} Nf6 {[%emt 0:00:25]} 14. Bh6 {[%emt 0:01:38]} e5 {[%emt 0:04:24]} 15. Rd1 {[%emt 0:04:55]} a5 {[%emt 0:13:38]} 16. a4 {[%emt 0:09:57]} Re8 {[%emt 0:12:27]} 17. Bg5 {[%emt 0:06:08]} Qb6 {[%emt 0:00:56]} 18. Ra3 {[%emt 0:04:51]} Ne4 {[%emt 0:11:29]} 19. Be3 {[%emt 0:00:50]} Qd8 {[%emt 0:00:23]} 20. Nfd2 {[%emt 0:03:20]} Nf6 {[%emt 0:00:32]} 21. Nf3 {[%emt 0:00:21]} Qc7 {[%emt 0:01:02]} 22. Ra1 {[%emt 0:00:52]} b6 {[%emt 0:00:40]} 23. Bh6 {[%emt 0:00:48]} Ba6 {[%emt 0:00:25]} 24. Bxg7 {[%emt 0:00:09]} Kxg7 {[%emt 0:00:02]} 25. Re1 {[%emt 0:01:00]} e4 {[%emt 0:01:18]} 26. Nfd4 {[%emt 0:00:31]} e3 {[%emt 0:00:46]} 27. f4 {[%emt 0:01:28]} h5 {[%emt 0:00:10]} 28. Rf1 {[%emt 0:00:23]} h4 {[%emt 0:01:15]} 29. g4 {[%emt 0:00:09]} Ne4 {[%emt 0:00:43]} 30. Nxc6 {[%emt 0:01:25]} Qxc6 {[%emt 0:00:22]} 31. Qxe3 {[%emt 0:00:06]} Ng3 {[%emt 0:00:45]} 32. Qd4+ {[%emt 0:00:06]} Kg8 {[%emt 0:01:22]} 33. Qxd5 {[%emt 0:00:21]} Qxd5 {[%emt 0:00:23]} 34. Bxd5 {[%emt 0:00:02]} Rad8 {[%emt 0:00:23]} 35. Bf3 {[%emt 0:02:46]} Bxe2 {[%emt 0:00:57]} 36. Bxe2 {[%emt 0:00:09]} Rxe2 {[%emt 0:00:19]} 37. Rf2 {[%emt 0:00:10]} Rde8 {[%emt 0:00:45]} 38. Nd4 {[%emt 0:00:16]} Re1+ {[%emt 0:00:18]} 39. Rxe1 {[%emt 0:00:05]} Rxe1+ {[%emt 0:00:01]} 40. Kg2 {[%emt 0:00:04]} Ra1 {[%emt 0:01:06]} 41. Nf3 {[%emt 0:30:40]} Rxa4 {[%emt 0:01:36]} 42. Nxh4 {[%emt 0:00:00]} Ne4 {[%emt 0:00:10]} 43. Re2 {[%emt 0:00:00]} Nd6 {[%emt 0:07:28]} 44. f5 {[%emt 0:00:00]} gxf5 {[%emt 0:04:20]} 45. Rd2 {[%emt 0:00:00]} Nc4 {[%emt 0:02:52]} 46. Rd8+ {[%emt 0:00:00]} Kh7 {[%emt 0:00:03]} 47. b3 {[%emt 0:00:00]} Ra2+ {[%emt 0:00:55]} 48. Kg3 {[%emt 0:00:00]} Rd2 {[%emt 0:09:01]} 49. Rb8 {[%emt 0:00:00]} Rd3+ {[%emt 0:01:03]} 50. Kf4 {[%emt 0:00:00]} Ne3 {[%emt 0:03:01]} 51. Nxf5 {[%emt 0:00:00]} Nxf5 {[%emt 0:00:02]} 52. Ke4 1/2-1/2

[Event "German Masters Frauen 2019"]
[Site "Magdeburg"]
[Date "2019.05.30"]
[Round "5.2"]
[White "Heinemann, Josefine"]
[Black "Muetsch, Annmarie"]
[Result "1-0"]
[WhiteElo "2227"]
[BlackElo "2266"]
[Annotator "ChessBase"]
[PlyCount "97"]
[EventDate "2019.05.26"]
[EventType "tourn"]
[EventCountry "GER"]
[SourceTitle "playchess.com"]
[Source "ChessBase"]
[SourceQuality "1"]
[TimeControl "40/5400+30:1800+30"]

1. e4 {[%emt 0:00:00]} c5 {[%emt 0:00:00]} 2. Nf3 {[%emt 0:00:00]} e6 {[%emt 0:00:00]} 3. d4 {[%emt 0:00:00]} cxd4 {[%emt 0:00:00]} 4. Nxd4 {[%emt 0:00:00]} Nc6 {[%emt 0:00:00]} 5. Nc3 {[%emt 0:00:00]} Qc7 {[%emt 0:00:02]} 6. Be3 {[%emt 0:00:02]} a6 {[%emt 0:00:07]} 7. Qf3 {[%emt 0:00:08]} Ne5 {[%emt 0:00:25]} 8. Qg3 {[%emt 0:00:05]} b5 {[%emt 0:00:14]} 9. O-O-O {[%emt 0:04:40]} Nf6 {[%emt 0:00:10]} 10. f4 {[%emt 0:00:40]} Neg4 {[%emt 0:00:08]} 11. Bg1 {[%emt 0:01:11]} h5 {[%emt 0:00:10]} 12. e5 {[%emt 0:02:38]} b4 {[%emt 0:00:15]} 13. Nb1 {[%emt 0:00:13]} Nd5 {[%emt 0:01:40]} 14. h3 {[%emt 0:05:46]} Nh6 {[%emt 0:00:17]} 15. Bd3 {[%emt 0:00:10]} g6 {[%emt 0:04:08]} 16. Nd2 {[%emt 0:12:47]} Nf5 {[%emt 0:09:43]} 17. Nxf5 {[%emt 0:09:57]} gxf5 {[%emt 0:00:07]} 18. Kb1 {[%emt 0:01:08]} h4 {[%emt 0:08:36]} 19. Qf2 {[%emt 0:02:09]} a5 {[%emt 0:03:03]} 20. Nb3 {[%emt 0:03:25]} a4 {[%emt 0:04:20]} 21. Nd4 {[%emt 0:00:04]} a3 {[%emt 0:06:16]} 22. Nb5 {[%emt 0:05:17]} Qa5 {[%emt 0:07:35]} 23. Bc4 {[%emt 0:08:50]} Bb7 {[%emt 0:26:26]} 24. b3 {[%emt 0:08:46]} Rc8 {[%emt 0:03:57]} 25. Nd6+ {[%emt 0:04:17]} Bxd6 {[%emt 0:00:19]} 26. Bxd5 {[%emt 0:00:10]} Bxd5 {[%emt 0:03:15]} 27. exd6 {[%emt 0:00:04]} f6 {[%emt 0:02:05]} 28. Rd2 {[%emt 0:04:32]} Qb5 {[%emt 0:02:20]} 29. Qe1 {[%emt 0:03:25]} Kf7 {[%emt 0:05:30]} 30. Be3 {[%emt 0:06:25]} Qc6 {[%emt 0:01:05]} 31. Qf2 {[%emt 0:02:13]} Be4 {[%emt 0:01:17]} 32. Rg1 {[%emt 0:02:56]} Rhg8 {[%emt 0:03:32]} 33. Qe2 {[%emt 0:00:13]} Rg3 {[%emt 0:02:19]} 34. Bd4 {[%emt 0:01:22]} Rg6 {[%emt 0:01:49]} 35. Qd1 {[%emt 0:03:51]} Qb5 {[%emt 0:02:04]} 36. Qh5 {[%emt 0:02:33]} e5 {[%emt 0:00:28]} 37. fxe5 {[%emt 0:00:15]} fxe5 {[%emt 0:00:04]} 38. Ba1 {[%emt 0:02:23]} Rxc2 {[%emt 0:04:23]} 39. Rxc2 {[%emt 0:01:04]} Bxc2+ {[%emt 0:00:05]} 40. Kxc2 {[%emt 0:00:12]} Qc5+ {[%emt 0:00:05]} 41. Kd2 {[%emt 0:30:40]} Qf2+ {[%emt 0:17:02]} 42. Kd3 {[%emt 0:00:00]} e4+ {[%emt 0:02:56]} 43. Kc4 {[%emt 0:00:00]} Qc2+ {[%emt 0:00:30]} 44. Kxb4 {[%emt 0:00:00]} Qd2+ {[%emt 0:00:07]} 45. Ka4 {[%emt 0:00:00]} Qxd6 {[%emt 0:01:46]} 46. Qxf5+ {[%emt 0:00:00]} Kg8 {[%emt 0:00:18]} 47. Bc3 {[%emt 0:00:00]} Qc6+ {[%emt 0:01:16]} 48. Kxa3 {[%emt 0:00:00]} d5 {[%emt 0:00:52]} 49. Kb2 {[%emt 0:00:00]} 1-0

[Event "German Masters Frauen 2019"]
[Site "Magdeburg"]
[Date "2019.05.30"]
[Round "5.3"]
[White "Klek, Hanna Marie"]
[Black "Hoolt, Sarah"]
[Result "0-1"]
[WhiteElo "2325"]
[BlackElo "2321"]
[Annotator "ChessBase"]
[PlyCount "72"]
[EventDate "2019.05.26"]
[EventType "tourn"]
[EventCountry "GER"]
[SourceTitle "playchess.com"]
[Source "ChessBase"]
[SourceQuality "1"]
[TimeControl "40/5400+30:1800+30"]

1. e4 {[%emt 0:00:00]} e6 {[%emt 0:00:00]} 2. d4 {[%emt 0:00:00]} d5 {[%emt 0:00:00]} 3. e5 {[%emt 0:00:00]} c5 {[%emt 0:00:35]} 4. c3 {[%emt 0:00:00]} Nc6 {[%emt 0:00:15]} 5. Nf3 {[%emt 0:00:00]} Bd7 {[%emt 0:00:41]} 6. Be2 {[%emt 0:01:56]} Nge7 {[%emt 0:00:18]} 7. O-O {[%emt 0:01:17]} Ng6 {[%emt 0:00:51]} 8. Be3 {[%emt 0:05:34]} Rc8 {[%emt 0:07:16]} 9. Kh1 {[%emt 0:12:28]} cxd4 {[%emt 0:06:24]} 10. cxd4 {[%emt 0:00:10]} f6 {[%emt 0:00:08]} 11. exf6 {[%emt 0:02:26]} Qxf6 {[%emt 0:01:05]} 12. Qd2 {[%emt 0:09:26]} Bd6 {[%emt 0:01:48]} 13. Nc3 {[%emt 0:00:51]} O-O {[%emt 0:04:01]} 14. Rfe1 {[%emt 0:06:06]} Nf4 {[%emt 0:06:33]} 15. Bf1 {[%emt 0:00:27]} Be8 {[%emt 0:02:37]} 16. g3 {[%emt 0:09:53]} Bh5 {[%emt 0:06:02]} 17. Ng1 {[%emt 0:01:34]} Ng6 {[%emt 0:03:36]} 18. Bh3 {[%emt 0:07:07]} Rce8 {[%emt 0:02:39]} 19. a3 {[%emt 0:05:45]} Nge7 {[%emt 0:09:32]} 20. Bg5 {[%emt 0:06:54]} Qxf2 {[%emt 0:11:39]} 21. Qxf2 {[%emt 0:01:46]} Rxf2 {[%emt 0:00:07]} 22. Rxe6 {[%emt 0:00:07]} Nxd4 {[%emt 0:13:38]} 23. Rxd6 {[%emt 0:00:29]} Bf3+ {[%emt 0:01:25]} 24. Nxf3 {[%emt 0:00:06]} Nxf3 {[%emt 0:00:04]} 25. Bg2 {[%emt 0:00:18]} Nxg5 {[%emt 0:02:10]} 26. Re1 {[%emt 0:04:18]} Kf8 {[%emt 0:01:06]} 27. b4 {[%emt 0:07:12]} Nf3 {[%emt 0:05:59]} 28. Rf1 {[%emt 0:08:23]} Rxf1+ {[%emt 0:00:28]} 29. Bxf1 {[%emt 0:00:01]} Rc8 {[%emt 0:02:19]} 30. Ne2 {[%emt 0:04:11]} Rc2 {[%emt 0:01:07]} 31. Kg2 {[%emt 0:02:05]} Ng5 {[%emt 0:03:24]} 32. Rd7 {[%emt 0:00:40]} Nf5 {[%emt 0:01:14]} 33. h4 {[%emt 0:01:46]} Ne4 {[%emt 0:00:52]} 34. Kf3 {[%emt 0:01:13]} Nfd6 {[%emt 0:04:29]} 35. Bh3 {[%emt 0:00:46]} Ra2 {[%emt 0:00:31]} 36. Nd4 {[%emt 0:00:43]} Rf2+ {[%emt 0:00:42]} 0-1

[Event "German Masters Frauen 2019"]
[Site "Magdeburg"]
[Date "2019.05.30"]
[Round "5.4"]
[White "Lubbe, Melanie"]
[Black "Sieber, Fiona"]
[Result "1-0"]
[WhiteElo "2278"]
[BlackElo "2250"]
[Annotator "ChessBase"]
[PlyCount "89"]
[EventDate "2019.05.26"]
[EventType "tourn"]
[EventCountry "GER"]
[SourceTitle "playchess.com"]
[Source "ChessBase"]
[SourceQuality "1"]
[TimeControl "40/5400+30:1800+30"]

1. e4 {[%emt 0:00:00]} c5 {[%emt 0:00:00]} 2. Nf3 {[%emt 0:00:00]} d6 {[%emt 0:00:00]} 3. d4 {[%emt 0:00:00]} cxd4 {[%emt 0:00:00]} 4. Nxd4 {[%emt 0:00:00]} Nf6 {[%emt 0:00:00]} 5. Nc3 {[%emt 0:00:00]} Nc6 {[%emt 0:00:00]} 6. Be2 {[%emt 0:00:18]} e5 {[%emt 0:00:00]} 7. Nf3 {[%emt 0:00:21]} h6 {[%emt 0:00:00]} 8. O-O {[%emt 0:00:08]} Be7 {[%emt 0:00:04]} 9. Re1 {[%emt 0:00:23]} O-O {[%emt 0:00:05]} 10. h3 {[%emt 0:00:15]} a6 {[%emt 0:00:14]} 11. Bf1 {[%emt 0:01:45]} Qc7 {[%emt 0:00:13]} 12. Nh2 {[%emt 0:01:29]} Bd8 {[%emt 0:04:28]} 13. Be3 {[%emt 0:07:19]} Be6 {[%emt 0:04:31]} 14. Nd5 {[%emt 0:16:39]} Bxd5 {[%emt 0:01:18]} 15. exd5 {[%emt 0:00:24]} Ne7 {[%emt 0:00:18]} 16. c4 {[%emt 0:00:43]} b5 {[%emt 0:11:14]} 17. Ng4 {[%emt 0:09:21]} Nxg4 {[%emt 0:03:12]} 18. hxg4 {[%emt 0:00:11]} f5 {[%emt 0:17:09]} 19. cxb5 {[%emt 0:04:22]} f4 {[%emt 0:07:33]} 20. Bd2 {[%emt 0:00:49]} axb5 {[%emt 0:09:10]} 21. Bxb5 {[%emt 0:03:41]} Qc5 {[%emt 0:06:47]} 22. a4 {[%emt 0:14:31]} Bb6 {[%emt 0:09:36]} 23. Qf3 {[%emt 0:02:31]} Ng6 {[%emt 0:04:47]} 24. Rf1 {[%emt 0:03:28]} Nh4 {[%emt 0:07:47]} 25. Qe4 {[%emt 0:02:26]} Qc8 {[%emt 0:00:01]} 26. Be2 {[%emt 0:04:15]} Rf6 {[%emt 0:03:39]} 27. Ra3 {[%emt 0:02:52]} Qd7 {[%emt 0:00:34]} 28. a5 {[%emt 0:02:49]} Bd4 {[%emt 0:00:57]} 29. b4 {[%emt 0:03:00]} Raf8 {[%emt 0:01:31]} 30. Rh3 {[%emt 0:04:43]} Ng6 {[%emt 0:02:19]} 31. b5 {[%emt 0:01:26]} Ne7 {[%emt 0:04:30]} 32. b6 {[%emt 0:01:35]} Qa4 {[%emt 0:01:17]} 33. Kh1 {[%emt 0:04:49]} Qa2 {[%emt 0:00:27]} 34. Rd3 {[%emt 0:01:10]} Nxd5 {[%emt 0:01:12]} 35. Rc1 {[%emt 0:02:23]} Nxb6 {[%emt 0:01:05]} 36. Rxd4 {[%emt 0:02:45]} exd4 {[%emt 0:00:22]} 37. Qxd4 {[%emt 0:01:10]} Re6 {[%emt 0:01:22]} 38. Bf3 {[%emt 0:01:16]} Qa4 {[%emt 0:00:41]} 39. Qxb6 {[%emt 0:01:00]} Kh8 {[%emt 0:00:01]} 40. a6 {[%emt 0:01:40]} Qa2 {[%emt 0:00:41]} 41. Bc3 {[%emt 0:05:31]} Ree8 {[%emt 0:15:27]} 42. a7 {[%emt 0:04:10]} Rg8 {[%emt 0:08:08]} 43. Qd4 {[%emt 0:02:29]} Qe6 {[%emt 0:03:05]} 44. Ra1 {[%emt 0:01:20]} d5 {[%emt 0:01:59]} 45. a8=Q {[%emt 0:02:02]} 1-0

[Event "German Masters Frauen 2019"]
[Site "Magdeburg"]
[Date "2019.05.31"]
[Round "6.1"]
[White "Osmanodja, Filiz"]
[Black "Sieber, Fiona"]
[Result "1-0"]
[WhiteElo "2260"]
[BlackElo "2250"]
[Annotator "ChessBase"]
[PlyCount "51"]
[EventDate "2019.05.26"]
[EventType "tourn"]
[EventCountry "GER"]
[SourceTitle "playchess.com"]
[Source "ChessBase"]
[SourceQuality "1"]
[TimeControl "40/5400+30:1800+30"]

1. e4 {[%emt 0:00:00]} c5 {[%emt 0:00:00]} 2. Nf3 {[%emt 0:00:00]} d6 {[%emt 0:00:00]} 3. d4 {[%emt 0:00:01]} cxd4 {[%emt 0:00:00]} 4. Nxd4 {[%emt 0:00:02]} Nf6 {[%emt 0:00:00]} 5. Nc3 {[%emt 0:00:03]} a6 {[%emt 0:00:00]} 6. h3 {[%emt 0:00:21]} e6 {[%emt 0:00:19]} 7. g4 {[%emt 0:01:50]} Be7 {[%emt 0:00:10]} 8. Be3 {[%emt 0:02:07]} b5 {[%emt 0:06:41]} 9. g5 {[%emt 0:09:55]} Nfd7 {[%emt 0:00:10]} 10. h4 {[%emt 0:00:21]} b4 {[%emt 0:05:25]} 11. Nce2 {[%emt 0:01:59]} Bb7 {[%emt 0:01:07]} 12. Bg2 {[%emt 0:01:16]} Nc5 {[%emt 0:05:17]} 13. Ng3 {[%emt 0:01:06]} Nbd7 {[%emt 0:02:44]} 14. f4 {[%emt 0:19:44]} Na4 {[%emt 0:20:13]} 15. f5 {[%emt 0:13:18]} Nxb2 {[%emt 0:11:29]} 16. Qc1 {[%emt 0:01:12]} e5 {[%emt 0:07:45]} 17. Qxb2 {[%emt 0:01:51]} exd4 {[%emt 0:00:05]} 18. Bxd4 {[%emt 0:00:29]} f6 {[%emt 0:01:23]} 19. Qb3 {[%emt 0:14:32]} Ne5 {[%emt 0:08:46]} 20. Nh5 {[%emt 0:03:45]} Bf8 {[%emt 0:00:46]} 21. gxf6 {[%emt 0:01:18]} gxf6 {[%emt 0:01:28]} 22. Qe6+ {[%emt 0:01:20]} Be7 {[%emt 0:03:20]} 23. Bxe5 {[%emt 0:07:22]} Bc8 {[%emt 0:08:26]} 24. Nxf6+ {[%emt 0:02:33]} Kf8 {[%emt 0:00:03]} 25. Nd7+ {[%emt 0:00:37]} Bxd7 {[%emt 0:01:23]} 26. Qh6+ {[%emt 0:00:03]} 1-0